Φορτώνει......

Training manual: management of aflatoxins in groundnut

Λεπτομέρειες βιβλιογραφικής εγγραφής
Κύριος συγγραφέας: Babu M S
Μορφή: Report
Έκδοση: Junagadh National research center for groundnut 2006
LEADER 00463nam a22001337a 4500
003 OSt
082 |a 633.368  |b BAS/TR 
100 |a Babu M S 
245 |a Training manual: management of aflatoxins in groundnut 
260 |a Junagadh  |b National research center for groundnut  |c 2006 
546 |a   
942 |2 ddc  |c REP 
999 |c 159186  |d 159186 
952 |0 0  |1 0  |2 ddc  |4 0  |6 633_368000000000000_BASTR  |7 0  |9 158469  |a KAUCLV  |b KAUCLV  |d 2018-03-10  |o 633.368 BAS/TR  |p 808697  |r 2018-03-10  |w 2018-03-10  |y REP